000 nam a22 a 4500
999 _c4201
_d4201
005 20170525155407.0
008 170525s2012 be ||||| |||| 00| 0 eng d
040 _aAKMAL
082 _a343.08 WCO
090 _a343.08
_bWCO
245 1 0 _aAlphabetical Index To The Fifth Edition (2012) Of Harmonized Commodity Description And Coding System And Its Explanatory Notes
246 1 _iAt head of title :
_aHarmonized Commodity Description and Coding System.
246 1 4 _a Alphabetical index to the harmonized system and its explanatory notes
250 _aFifth Edition
250 _aVolume 1(A to L)
260 _aBrussels :
_bWorld Customs Organization,
_c2012
300 _a2 v. (loose-leaf) ;
_c31cm
500 _aVolume 1(A to L)
650 1 0 _aTariff
_xTerminology and classification.
_94075
650 2 0 _aCommercial products
_xClassification.
_94076
710 2 _a |a World Customs Organization.
_98135
942 _2ddc
_cBOOK
950 _lAKMAL